000 00252nam a22001217a 4500
040 _cSK
082 _a639
100 _aCHAPMAN
245 _aFeed management in intensive aquaculture
260 _aNEW YORK
_bCHA
_c1996
300 _a193p.
942 _cEK
999 _c9938
_d9938